Holiday Quiz

Random Holiday or Song Quiz

12 Days of Christmas Multiple Choice Quiz Stats

 Plays Quiz not verified by Sporcle

Also try: Pink and Red Quiz
Challenge
Share
Tweet
Embed
Score 0/12 Timer 02:00
0 Plays Today
Question Answer Wrong Answers
On the First Day of Christmas my true love gave to me... a Partridge in a Pear Tree
97.2%
a Penguin in a Peach Tree
0.2%
a Pigeon in a Palm Tree
0.7%
a Parrot in a Pine Tree
1.8%
On the Second Day of Christmas my true love gave to me... 2 Turtle Doves
94.9%
2 Chocolate Doves
1.8%
2 Mourning Doves
1%
2 White Doves
0.7%
On the Third Day of Christmas my true love gave to me... 3 French Hens
94.8%
3 Rock Hens
0%
3 Blue Hens
0.5%
3 Cornish Hens
1.8%
On the Fifth Day of Christmas my true love gave to me... 5 Golden Rings
92.8%
5 Onion Rings
1.5%
5 Platinum Rings
0.5%
5 Olympic Rings
0.5%
On the Sixth Day of Christmas my true love gave to me... 6 Geese a Laying
91.5%
6 Ducks a Laying
2%
6 Chickens a Laying
1.1%
6 Quails a Laying
0.7%
On the Seventh Day of Christmas my true love gave to me... 7 Swans a Swimming
91.3%
7 Swimmers Swimming
2.3%
7 Seals a Swimming
0.7%
7 Sharks a Swimming
0.2%
On the Twelfth Day of Christmas my true love gave to me... 12 Drummers Drumming
90.5%
12 Drummers Singing
0.8%
12 Drummers Tapping
0.8%
12 Drummers Hitting
0.5%
On the Eighth Day of Christmas my true love gave to me... 8 Maids a Milking
90.3%
8 Cows a Milking
2.3%
8 Goats a Milking
1.1%
8 Sheep a Milking
0.3%
On the Tenth Day of Christmas my true love gave to me... 10 Lords a Leaping
87.2%
10 Lads a Leaping
3.1%
10 Lepers Leaping
2.6%
10 Lovelies Leaping
0.2%
On the Fourth Day of Christmas my true love gave to me... 4 Calling Birds
85.1%
4 Calling Cards
9.8%
4 Wild Birds
0.8%
4 Red Birds
0.8%
On the Eleventh Day of Christmas my true love gave to me... 11 Pipers Piping
75.9%
11 Plumbers Piping
0.3%
11 Pipers Playing
12.6%
11 Players Piping
3.9%
On the Ninth Day of Christmas my true love gave to me... 9 Ladies Dancing
74.8%
9 Dancers Dancing
16.5%
9 Gents Dancing
0.8%
9 Children Dancing
1.3%

You're not logged in!

Compare scores with friends on all Sporcle quizzes.
OR
Log In

You Might Also Like...

Show Comments

Extras

Top Quizzes Today


Score Distribution

Your Account Isn't Verified!

In order to create a playlist on Sporcle, you need to verify the email address you used during registration. Go to your Sporcle Settings to finish the process.

Report this User

Report this user for behavior that violates our Community Guidelines.

Details: